| 000 | 01505cam a2200145 4500500 | ||
|---|---|---|---|
| 005 | 20251214004254.0 | ||
| 041 | _afre | ||
| 042 | _adc | ||
| 100 | 1 | 0 |
_aJullier, Laurent _eauthor |
| 700 | 1 | 0 |
_aLeveratto, Jean-Marc _eauthor |
| 245 | 0 | 0 | _aCinéphiles et cinéphilies : Histoire et devenir de la culture cinématographique |
| 260 |
_bArmand Colin,
_c2010. |
||
| 520 | _aCe livre rend compte de la naissance et de l’évolution de la culture cinématographique, appréhendée comme un savoir partagé par tous les consommateurs passionnés de cinéma. Il montre comment la parole cinéphile s’est constituée sur la base de la consommation régulière du grand film, comment sa prolifération a conduit à la constitution d’une cinéphilie académique et à la patrimonialisation du grand fi lm, comment la consommation cinématographique s’est individualisée sous l’effet de la globalisation de l’échange cinématographique et du développement des nouvelles technologies internet et le DVD notamment qui permettent à chacun de construire sa propre cinéphilie. Il s’agit, au-delà d’une vision catastrophiste de la mort du cinéma ou d’une célébration naïve du marché cinématographique, d’une description de la naissance des cadres contemporains de l’expérience cinématographique, de la perception et du jugement de la qualité cinématographique. | ||
| 856 | 4 | 1 | _uhttps://shs.cairn.info/cinephiles-et-cinephilies--9782200244453?lang=fr&redirect-ssocas=7080 |
| 999 |
_c1568381 _d1568381 |
||